000 00703nam a2200217 i 4500
001 30729
003 ES-MaACL
005 20250910213318.0
007 t|
008 030127s1972 sp ||||1| spa d
080 _a552 (02)
100 1 _aBayly, Brian.
_926685
245 1 0 _aIntroducción a la petrología /
_cBrian Bayly ; [traducción por Antonio Cendrero Uceda ; revisado por J.M. Fuster Casas].
260 _aMadrid :
_bParaninfo,
_c1972.
300 _a437 p. :
_bil. ;
_c22 cm.
650 4 _aPetrología.
_915992
700 1 _aCendrero Uceda, Antonio.
_937405
700 1 _aFuster Casas, José María,
_d1923-2000
_953084
852 _aES-MaACL
_jC-40944
_bR.80268
999 _c30729
_d30729